000 00655nam a2200193Ia 4500
008 151121s9999||||xx |||||||||||||| ||und||
082 _a833/कन्हैया
082 _bHNW-57181
100 _a"कन्हैया लाल ""सरस"""
245 _aपिया जाने आलम
260 _b"अमर प्रकाशन, मथुरा"
260 _c--
300 _a160
600 _a"कन्हैया लाल ""सरस"""
630 _aपिया जाने आलम
700 _a"कन्हैया लाल ""सरस"""
730 _aपिया जाने आलम
942 _cBOOK
999 _c1239484
_d1239481